• 首页
  • 本馆介绍
  • 公告通知
  • 最新文献
  • 馆藏检索
  • 电子资源
  • 读者导购
  • 参考咨询
  • 我的图书馆
  • 登录
  • 详细信息显示
  • 放入我的书架
  • 预约/预借图书
  • 作者相关作品
  • 分类相关作品
  • 丛书相关作品
  • 出版社相关作品

书目信息

  • 表格格式
  • 工作单格式
  • 卡片格式
题名:
“北腿”拳中王——燕青翻子
    
 
作者: 蔡景和 编著
分册:  
出版信息: 北京   金盾出版社  2005
页数: 442页
开本: 21cm
丛书名:
单 册:
中图分类: G852.12
科图分类:
主题词: 长拳类--基本知识
电子资源:
ISBN: 7-5082-3796-X
000 00753nam0 2200217 450
001 012006019152
005 20061116170854.32
010    @a7-5082-3796-X@dCNY26.00
100    @a20060320d2005 em y0chiy0110 ea
101 0  @achi
102    @aCN@b110000
105    @aaf z 000yy
200 1  @a“北腿”拳中王——燕青翻子@9“ bei tui” quan zhong wang—— yan qing fan zi@f蔡景和编著
210    @a北京@c金盾出版社@d2005
215    @a442页@c图@d21cm
330    @a本书共三编,内容包括燕青翻子概述、燕青翻子的基本拳法、燕青翻子十八趟连环套路,书后附有燕青翻子连环技法实战练习。全书配有插图800余幅。
606 0  @a长拳类@x基本知识
690    @aG852.12@v4
701  0 @a蔡景和@9cai jing he@4编著
801  0 @aCN@bRENTIAN@c20061116
905    @a10447@dG852.12@e142
    
    “北腿”拳中王——燕青翻子/蔡景和编著.-北京:金盾出版社,2005
    442页:图;21cm
    
    
    ISBN 7-5082-3796-X:CNY26.00
    本书共三编,内容包括燕青翻子概述、燕青翻子的基本拳法、燕青翻子十八趟连环套路,书后附有燕青翻子连环技法实战练习。全书配有插图800余幅。
●
相关链接 在E读中查询图书 在五车中查询图书 在当当中查询图书 在豆瓣中查询图书


正题名:"北腿"拳中王——燕青翻子     索取号:G852.12/142         预约/预借

序号 登录号 条形码 馆藏地/架位号 状态 备注
1 0389259   203892591   第一样本阅览室/ [索取号:G852.12/142] 在馆    
2 0389260   203892608   第四借阅区/ [索取号:G852.12/142] 在馆    
3 0389261   203892617   第四借阅区/ [索取号:G852.12/142] 在馆    
4 0389262   203892626   第四借阅区/ [索取号:G852.12/142] 在馆    
5 0389263   203892635   第四借阅区/ [索取号:G852.12/142] 在馆    
唐山师范学院图书馆 欢迎您!
大连网信软件有限公司© 版权所有